Japan : (Registro nro. 18727)
[ vista simple ]
| 000 -CABECERA | |
|---|---|
| campo de control de longitud fija | 00683cam a2200205 a 4500 |
| 001 - NÚMERO DE CONTROL | |
| campo de control | 000019209 |
| 005 - FECHA Y HORA DE LA ÚLTIMA TRANSACCIÓN | |
| campo de control | 20200929165942.0 |
| 008 - DATOS DE LONGITUD FIJA--INFORMACIÓN GENERAL | |
| campo de control de longitud fija | 740625s1979 ja b b 001 0 eng d |
| 040 ## - FUENTE DE LA CATALOGACIÓN | |
| Centro catalogador/agencia de origen | DO-SdBNP |
| Lengua de catalogación | eng |
| Centro/agencia transcriptor | LC |
| Centro/agencia modificador | BNPHU |
| 082 ## - NÚMERO DE LA CLASIFICACIÓN DECIMAL DEWEY | |
| Número de clasificación | 952 |
| Número de documento/Ítem | R375j |
| 049 ## - FONDOS LOCALES (OCLC) | |
| Fondos de biblioteca | BNGR |
| 100 1# - ENTRADA PRINCIPAL--NOMBRE DE PERSONA | |
| Nombre de persona | Reischauer, Edwin O. |
| Forma completa/desarrollada del nombre | (Edwin Oldfather), |
| Fechas asociadas al nombre | 1910-1990. |
| 9 (RLIN) | 41330 |
| 245 10 - MENCIÓN DE TÍTULO | |
| Título | Japan : |
| Resto del título | the story of a nation / |
| Mención de responsabilidad, etc. | Edwin O. Reischauer. |
| 260 ## - PUBLICACIÓN, DISTRIBUCIÓN, ETC. | |
| Lugar de publicación, distribución, etc. | Tokyo : |
| Nombre del editor, distribuidor, etc. | Charles E. Tuttle Company, |
| Fecha de publicación, distribución, etc. | 1979. |
| 300 ## - DESCRIPCIÓN FÍSICA | |
| Extensión | xv, 387, xx p. : |
| Otras características físicas | mapas ; |
| Dimensiones | 21 cm. |
| 504 ## - NOTA DE BIBLIOGRAFÍA, ETC. | |
| Nota de bibliografía, etc. | Bibliografía: p. 383-387. |
| 651 #4 - PUNTO DE ACCESO ADICIONAL DE MATERIA--NOMBRE GEOGRÁFICO | |
| Nombre geográfico | Japón |
| Subdivisión general | Historia |
| 9 (RLIN) | 4665 |
| 700 1# - PUNTO DE ACCESO ADICIONAL--NOMBRE DE PERSONA | |
| Nombre de persona | Reischauer, Edwin O., |
| Término indicativo de función/relación | pról. |
| 9 (RLIN) | 41331 |
| 910 ## - DATOS DE OPCIÓN DEL USUARIO (OCLC) | |
| Datos de opción del usuario | Catalogación derivada / LC |
| Estado de retiro | Estado de pérdida | Restricciones de uso | No para préstamo | Código de colección | Localización permanente | Ubicación/localización actual | Ubicación en estantería | Fecha de adquisición | Número de inventario | Total de préstamos | Signatura topográfica completa | Código de barras | Fecha visto por última vez | Precio válido a partir de | Tipo de ítem Koha |
|---|---|---|---|---|---|---|---|---|---|---|---|---|---|---|---|
| Monografías: Libros y Folletos | General | General | En catalogación | 28.05.2010 | LF1 | 952 R375j | 19209-10 | 25.06.2020 | 25.06.2020 | Préstamo en sala |
